00752cam a2200181 a 45000010009000000050017000090080041000260400013000670820021000802450157001012600135002583000013003937000024004067000028004309420006004589520093004649990013005571495818120240220060117.0070809s2007 np b 100 0 eng  aDLCcDLC 222a320.9.bSOU.10aSouth Asian peoples development agenda :bthematic commissions report : South Asian Peoples Summit, 2005 /cedited by Anand Aditya and Prakash Shrestha. aLalitpur :bSouth Asia Partnership International ;aNew Delhi :bSouth Asian Network for Social & Agricultural Development,c2005, a350 p. ;1 aAditya, Anand.eedt1 aShrestha, Prakash.eedt cL 001040708LaWERCLbWERCLd2024-02-20l0o320.9. SOU.p5963r2024-02-20w2024-02-20yL c438d438